Statistics for Features of the Moon (map-click quiz)

Click here to take the quiz!

General Stats

  • This quiz has been taken 128 times
  • The average score is 8 of 22

Answers on the Map

Answers color-coded by a green-red scale on the quiz's map according to % correct below.
 

Answer Stats

Answer% Correct
MARE TRANQUILLITATIS
(Sea of tranquility)
57%
MARE SERENITATIS
(Sea of serenity)
54%
TYCHO
(crater)
49%
KEPLER
(crater)
46%
MARE CRISIUM
(Sea of crises)
46%
MARE FECUNDITATIS
(Sea of fecundity / fertiliy)
43%
OCEANUS
PROCELLARUM
(Ocean of storms)
43%
PLATO
(crater)
43%
ARISTARCHUS
(crater)
41%
COPERNICUS
(crater)
41%
MARE IMBRIUM
(Sea of showers / rain)
38%
MARE HUMORUM
(Sea of moisture)
35%
MARE NECTARIS
(Sea of nectar)
35%
MARE VAPORUM
(Sea of vapours)
35%
BYRGIUS
(crater)
32%
MARE FRIGORIS
(Sea of cold)
32%
GRIMALDI
(crater)
30%
MARE NUBIUM
(Sea of clouds)
27%
MARE INSULARUM
(Sea of islands)
19%
STEVINUS
(crater)
19%
LANGRENUS
(crater)
16%
MARE COGNITUM
(Sea that has
become known)
14%

Score Distribution

Percentile by Number Answered

Percent of People with Each Score

Your Score History

You have not taken this quiz